000 00703nam a2200289Ia 4500
005 20260324133217.0
008 008 260324s9999 xx 000 0 eng d
020 _a9781410607577
037 _aEBOOK
040 _aCRL
040 _beng
040 _cCRL
041 _2eng
041 _aeng
084 _qCRL
100 _aNeil S. Glickman; Sanjay Gulati
_91192212
245 0 _aMental Health Care of Deaf People
245 2 _bA Culturally Affirmative Approach
260 _bTaylor and Francis
260 _c2003
365 _a
365 _b220
856 _uhttp://www.taylorfrancis.com/books/9781410607577
942 _cEBOOK
999 _c1791070
_d1791070